Developing countries and global trade negotiations / (Record no. 1741)

MARC details
000 -LEADER
fixed length control field 00794nam a2200217 ar4500
001 - CONTROL NUMBER
control field 1743
005 - DATE AND TIME OF LATEST TRANSACTION
control field 20221127090257.0
008 - FIXED-LENGTH DATA ELEMENTS--GENERAL INFORMATION
fixed length control field 100206s xxka 00110|eng d
020 ## - INTERNATIONAL STANDARD BOOK NUMBER
International Standard Book Number 9780415417341(hbk) :
Terms of availability SR413.00
082 04 - DEWEY DECIMAL CLASSIFICATION NUMBER
Classification number 337.11724
Item number D492 2007
245 00 - TITLE STATEMENT
Title Developing countries and global trade negotiations /
Statement of responsibility, etc. edited by Larry Crump, S. Maswood.
260 ## - PUBLICATION, DISTRIBUTION, ETC.
Place of publication, distribution, etc. London ;
-- New York :
Name of publisher, distributor, etc. Routledge,
Date of publication, distribution, etc. 2007.
300 ## - PHYSICAL DESCRIPTION
Extent xiii, 208 p. :
Other physical details ill. ;
Dimensions 22 cm.
440 #0 - SERIES STATEMENT/ADDED ENTRY--TITLE
Title Routledge advances in international relations and global politics.
504 ## - BIBLIOGRAPHY, ETC. NOTE
Bibliography, etc. note Includes bibl. references and index.
650 #4 - SUBJECT ADDED ENTRY--TOPICAL TERM
Topical term or geographic name entry element International trade.
650 #4 - SUBJECT ADDED ENTRY--TOPICAL TERM
Topical term or geographic name entry element Developing countries
General subdivision Commerce.
650 #4 - SUBJECT ADDED ENTRY--TOPICAL TERM
Topical term or geographic name entry element International economic relations.
700 0# - ADDED ENTRY--PERSONAL NAME
Personal name Crump, Larry,
Relator term ed.
700 0# - ADDED ENTRY--PERSONAL NAME
Personal name Maswood, S. Javed,
Relator term jt. ed.
Holdings
Withdrawn status Lost status Source of classification or shelving scheme Damaged status Not for loan Home library Current library Date acquired Total Checkouts Full call number Barcode Date last seen Copy number Price effective from Koha item type
              11/27/2022   337.11724 D492 2007 1000000006370 11/27/2022 C2 11/27/2022 Book
          CENTRAL CENTRAL 11/27/2022   337.11724 D492 2007 1000000005924 11/27/2022 C1 11/27/2022 Book